[Event "36. Münsterland Open"]
[Site "Münster"]
[Date "2018.10.18"]
[Round "8.7"]
[White "Schröder, Wilfried"]
[Black "Elier, Ali"]
[Result "1/2-1/2"]
[WhiteElo "2211"]
[BlackElo "1920"]
[PlyCount "60"]
[EventDate "2018.??.??"]
[WhiteTeam "Schachverein Wattenscheid 1930 e"]
[BlackTeam "Schachfreunde Brackel 1930 e.V."]

1. Nf3 Nf6 2. d4 d5 3. c4 e6 4. g3 Be7 5. Bg2 O-O 6. O-O dxc4 7. Qc2 a6 8. Qxc4
b5 9. Qc2 Bb7 10. Bg5 Nbd7 11. Bxf6 Nxf6 12. Nbd2 Rc8 13. Nb3 Be4 14. Qc3 Nd5
15. Qd2 c5 16. dxc5 Bxc5 17. Nxc5 Rxc5 18. Rac1 Rc8 19. Qd4 Nf6 20. Qxd8 Rfxd8
21. Ne5 Bxg2 22. Kxg2 Kf8 23. Kf3 Rxc1 24. Rxc1 Rd5 25. Nd3 Ke7 26. Nb4 Rd2 27.
Rc2 Rxc2 28. Nxc2 Kd6 29. a3 Kc5 30. Ke3 a5 1/2-1/2

[Event "36. Münsterland Open"]
[Site "Münster"]
[Date "2018.10.18"]
[Round "8.8"]
[White "Köllner, Ruben Gideon"]
[Black "Kaufhold, Thomas"]
[Result "1/2-1/2"]
[WhiteElo "2274"]
[BlackElo "2075"]
[PlyCount "103"]
[EventDate "2018.??.??"]
[WhiteTeam "Schachgesellschaft Bochum 1931"]
[BlackTeam "Schachklub Münster 32 e.V."]

1. d4 Nf6 2. Nf3 g6 3. Nbd2 Bg7 4. e4 d6 5. Bc4 O-O 6. O-O c6 7. c3 d5 8. Bd3
b6 9. e5 Ne8 10. Qe2 Nc7 11. Re1 Ba6 12. Bxa6 Nbxa6 13. Nf1 b5 14. h4 Ne6 15.
Ng5 Nac7 16. f4 Qd7 17. g4 Rae8 18. Ng3 f5 19. gxf5 gxf5 20. Qh5 Nxg5 21. hxg5
Qe6 22. Kf2 Qg6 23. Rh1 Qxh5 24. Rxh5 Rf7 25. Be3 Ne6 26. a4 a6 27. axb5 axb5
28. Ra6 Rc8 29. b4 Nf8 30. Rh1 e6 31. Bd2 Rfc7 32. Ke3 Kf7 33. Nh5 Kg6 34. Raa1
Rb8 35. Nf6 Rbc8 36. Rh2 Rb7 37. Rah1 Re7 38. Nxh7 Nxh7 39. Rxh7 Ree8 40. R7h2
Ra8 41. Kd3 Ra2 42. Rh7 Raa8 43. R7h4 Ra2 44. R4h2 Raa8 45. Bc1 Ra6 46. Bb2 Ra4
47. Kc2 Ra6 48. Kb3 Raa8 49. Re2 Ra6 50. Reh2 Raa8 51. Rh7 Ra6 52. R7h2 1/2-1/2

[Event "36. Münsterland Open"]
[Site "Münster"]
[Date "2018.10.18"]
[Round "8.9"]
[White "Sazanov, Nikolay E"]
[Black "Althoff, Ralph"]
[Result "1-0"]
[WhiteElo "2269"]
[BlackElo "2038"]
[PlyCount "45"]
[EventDate "2018.??.??"]
[WhiteTeam "Schachclub Steinfurt 1996 e.V."]
[BlackTeam "SF Brackel 1930 e.V."]

1. d4 d5 2. e3 Nf6 3. Bd3 e6 4. f4 c5 5. c3 Nc6 6. Nf3 Bd6 7. Ne5 Qc7 8. Nd2
O-O 9. Qf3 b6 10. Qh3 Bb7 11. O-O Ne7 12. Ndf3 h6 13. g4 Ne4 14. g5 Nf5 15. Ng4
Kh7 16. gxh6 gxh6 17. Kh1 Qe7 18. Rg1 Rg8 19. Ng5+ Kh8 20. Bxe4 dxe4 21. Nxh6
Kg7 22. Nxf5+ exf5 23. Nh7+ 1-0

[Event "36. Münsterland Open"]
[Site "Münster"]
[Date "2018.10.18"]
[Round "8.10"]
[White "Seegers, Hendrik"]
[Black "Schmidt, Alexander"]
[Result "0-1"]
[WhiteElo "2163"]
[BlackElo "2032"]
[PlyCount "120"]
[EventDate "2018.??.??"]
[WhiteTeam "Schachklub Münster 32 e.V."]
[BlackTeam "Schachgemeinschaft Meiderich/Ruh"]

1. d4 d5 2. Nf3 Nf6 3. Bf4 Bg4 4. Nbd2 e6 5. e3 Bd6 6. Bg3 Ne4 7. Bxd6 Qxd6 8.
Bd3 f5 9. O-O O-O 10. c4 Nd7 11. Qc2 c6 12. c5 Qe7 13. b4 a6 14. Ne5 Nxd2 15.
Qxd2 Nxe5 16. dxe5 Bh5 17. f4 g5 18. Qc3 Rf7 19. Rab1 Rg7 20. Rb2 Kh8 21. a4
Rag8 22. Rff2 gxf4 23. exf4 Qh4 24. Bf1 Rg4 25. Qe3 Be8 26. Rf3 Qh6 27. Rff2
Rh4 28. g3 Rhg4 29. Be2 R4g7 30. Rg2 Bh5 31. Bd3 Bg4 32. b5 axb5 33. axb5 Bh3
34. Rgc2 Qh4 35. Kf2 Qh5 36. bxc6 bxc6 37. Rb6 Bg4 38. Kg1 Bd1 39. Rcb2 Ra7 40.
Rxc6 Ra1 41. Kg2 d4 42. Qf2 Bg4 43. h4 Bf3+ 44. Qxf3 Rg1+ 45. Kf2 Qxf3+ 46.
Kxf3 R8xg3+ 47. Ke2 R1g2+ 48. Kf1 Rxb2 49. Be2 d3 50. Bd1 Rh3 51. Kg1 Re3 52.
Kf1 d2 53. Be2 Rb1+ 54. Kf2 Re1 55. Bh5 Rd3 56. Rxe6 d1=Q 57. Bxd1 Rexd1 58.
Rf6 Rc1 59. Rxf5 Rc2+ 60. Ke1 Rh3 0-1

[Event "36. Münsterland Open"]
[Site "Münster"]
[Date "2018.10.19"]
[Round "9.2"]
[White "Hausrath, Daniel"]
[Black "Gallasch, Jonas"]
[Result "1-0"]
[WhiteElo "2495"]
[BlackElo "2045"]
[PlyCount "79"]
[EventDate "2018.??.??"]
[WhiteTeam "SV Mülheim-Nord 1931 e"]
[BlackTeam "Schachgemeinschaft Porz e.V."]

1. Nf3 Nf6 2. g3 c5 3. Bg2 Nc6 4. O-O g6 5. d3 Bg7 6. c3 d6 7. a3 O-O 8. b4
cxb4 9. axb4 a5 10. b5 Na7 11. c4 Nd7 12. Ra3 Rb8 13. Be3 b6 14. Qd2 Bb7 15.
Nc3 Qc7 16. Bh6 Rfd8 17. Nh4 Bxg2 18. Nxg2 Nf6 19. Bxg7 Kxg7 20. Ne3 e6 21. Qb2
Kg8 22. Nb1 Qe7 23. Nd2 d5 24. Nf3 dxc4 25. dxc4 Rbc8 26. Rd3 Rxd3 27. exd3 Nd7
28. Ng4 h5 29. Nh6+ Kh7 30. Nxf7 Kg8 31. N7g5 Nc5 32. d4 Nb7 33. Re1 Rf8 34.
Rxe6 Qg7 35. Qc2 Rf6 36. Re8+ Rf8 37. Rxf8+ Qxf8 38. Qxg6+ Qg7 39. Qxb6 Nc8 40.
Qe6+ 1-0

[Event "36. Münsterland Open"]
[Site "Münster"]
[Date "2018.10.19"]
[Round "9.3"]
[White "Schulze, Ulrich"]
[Black "Sazanov, Nikolay E"]
[Result "0-1"]
[WhiteElo "2314"]
[BlackElo "2269"]
[Annotator "Niermann,Rainer"]
[PlyCount "74"]
[EventDate "2018.??.??"]
[WhiteTeam "Heilbronner SV"]
[BlackTeam "Schachclub Steinfurt 1996 e.V."]

1. Nf3 d5 2. g3 e6 3. Bg2 f5 4. d3 Nf6 5. O-O Be7 6. c4 O-O 7. b3 Nc6 8. cxd5
exd5 9. Bb2 Ng4 10. h3 Nh6 11. e3 g5 12. Nc3 Bf6 13. d4 Ne7 14. Ba3 c6 15. Ne5
Qa5 16. Bb2 f4 17. exf4 gxf4 18. Qd2 Bxe5 19. dxe5 Ng6 20. Ne4 Qxd2 21. Nxd2
Nf5 22. Kh2 b6 23. Rfe1 Bb7 24. Rad1 Rad8 25. b4 Nfe7 26. Nf3 fxg3+ 27. fxg3 c5
28. bxc5 bxc5 29. Ba3 d4 30. Nh4 Bxg2 31. Nxg6 hxg6 32. Kxg2 Rd5 33. Rc1 Rc8
34. Rc4 Nf5 35. Kf3 Ne3 36. Ra4 Rxe5 37. Rxa7 Rf8+ 0-1

[Event "36. Münsterland Open"]
[Site "Münster"]
[Date "2018.10.19"]
[Round "9.5"]
[White "Günther, Lars"]
[Black "Holtel, Jasper"]
[Result "0-1"]
[WhiteElo "2083"]
[BlackElo "2210"]
[Annotator "Niermann,Rainer"]
[PlyCount "50"]
[EventDate "2018.??.??"]
[WhiteTeam "Uedemer Schachclub 1948 e.V."]
[BlackTeam "SK Münster 32 e.V."]

1. e4 c5 2. Nc3 a6 3. g3 b5 4. Bg2 Bb7 5. Nh3 e6 6. O-O Nc6 7. Re1 d6 8. d3 Be7
9. f4 b4 10. Na4 Nf6 11. Be3 Nd7 12. c3 O-O 13. d4 bxc3 14. bxc3 cxd4 15. cxd4
d5 16. Rb1 Na5 17. Rxb7 Nxb7 18. exd5 exd5 19. Bxd5 Rb8 20. Bb3 Nf6 21. d5 Bb4
22. Re2 Na5 23. a3 Nxb3 24. axb4 Qxd5 25. Qb1 Nd4 0-1

[Event "36. Münsterland Open"]
[Site "Münster"]
[Date "2018.10.19"]
[Round "9.6"]
[White "Ballon, Guenther Jan"]
[Black "Knudsen, Simon"]
[Result "1/2-1/2"]
[WhiteElo "2051"]
[BlackElo "2208"]
[PlyCount "142"]
[EventDate "2018.??.??"]
[BlackTeam "Schachfreunde Brackel 1930 e.V."]

1. d4 d5 2. Nf3 e6 3. c4 c6 4. Qc2 Nf6 5. Bg5 Be7 6. e3 Nbd7 7. Nc3 O-O 8. Bd3
h6 9. Bh4 b6 10. O-O Bb7 11. cxd5 exd5 12. Rac1 c5 13. Qe2 a6 14. b3 Ne4 15.
Bxe7 Qxe7 16. Rfd1 cxd4 17. Nxd4 Ne5 18. Bb1 Rfe8 19. h3 Qf6 20. f4 Nxc3 21.
Rxc3 Nd7 22. Qd3 g6 23. b4 Rac8 24. Rdc1 Rxc3 25. Rxc3 Qd6 26. a3 Nf6 27. Qd2
Re7 28. Qc1 Rd7 29. Bd3 Qe7 30. Bb1 Ne8 31. Kh2 Nd6 32. Bd3 b5 33. Rc5 Kf8 34.
Nf3 Nc4 35. Bxc4 dxc4 36. Qc3 Kg8 37. Re5 Qd8 38. Nd4 Rd5 39. Rxd5 Qxd5 40. Nf3
Qd1 41. Ne1 Qe2 42. Kg3 Be4 43. Qc1 h5 44. Qc3 Qd1 45. Kh2 Qd6 46. Kg1 h4 47.
Kf2 g5 48. fxg5 Qg3+ 49. Kf1 Qxg5 50. Qd4 Bd5 51. Kf2 Kh7 52. Kg1 Kg6 53. e4
Be6 54. Nf3 Qc1+ 55. Kh2 Qf4+ 56. Kg1 Kh7 57. Qc5 Kg6 58. Qf2 Kg7 59. Nxh4 Qxe4
60. Qg3+ Kf8 61. Qb8+ Ke7 62. Qc7+ Kf6 63. Qd8+ Kg7 64. Qg5+ Kh7 65. Qh5+ Kg8
66. Qg5+ Kh8 67. Qh6+ Kg8 68. Qg5+ Kf8 69. Qd8+ Kg7 70. Qg5+ Kf8 71. Qd8+ Kg7
1/2-1/2

[Event "36. Münsterland Open"]
[Site "Münster"]
[Date "2018.10.19"]
[Round "9.7"]
[White "Schmidt, Alexander"]
[Black "Torres-Kuckel, Rafael"]
[Result "1-0"]
[WhiteElo "2032"]
[BlackElo "2154"]
[PlyCount "146"]
[EventDate "2018.??.??"]
[WhiteTeam "Schachgemeinschaft Meiderich/Ruh"]
[BlackTeam "Schachverein Ahlen 1954 e.V."]

1. e4 e5 2. Nf3 Nc6 3. Bb5 a6 4. Ba4 Nf6 5. O-O Be7 6. Qe2 b5 7. Bb3 O-O 8. c3
d6 9. h3 Bb7 10. d3 h6 11. Rd1 Re8 12. Nbd2 Bf8 13. Nf1 Na5 14. Bc2 c5 15. a4
d5 16. Bd2 Qc7 17. Ng3 g6 18. Qe1 c4 19. axb5 axb5 20. d4 exd4 21. cxd4 Nc6 22.
Rxa8 Bxa8 23. e5 Nd7 24. Be3 b4 25. Qd2 Kh7 26. h4 Bg7 27. h5 Na5 28. hxg6+
fxg6 29. Nh5 c3 30. Qd3 Nf8 31. Nh4 Qc4 32. bxc3 Qxd3 33. Bxd3 b3 34. Nxg6 Nxg6
35. Nf4 Rb8 36. Bxg6+ Kg8 37. Ra1 Nc4 38. Ra7 Bb7 39. Ne6 Nxe3 40. fxe3 Bf8 41.
Nxf8 Kxf8 42. Kf2 Bc6 43. e6 b2 44. Rf7+ Kg8 45. Bh7+ Kh8 46. Bb1 Kg8 47. Bh7+
Kh8 48. Bb1 Kg8 49. Ke2 Be8 50. Ra7 Bh5+ 51. Kd2 Rf8 52. Ke1 Rc8 53. Kd2 Rf8
54. c4 Rf1 55. Bh7+ Kh8 56. Rb7 dxc4 57. Bc2 Rf2+ 58. Kc3 Re2 59. e4 Bg6 60.
Rb8+ Kg7 61. e7 Bxe4 62. Bxe4 Rxe4 63. Rxb2 Rxe7 64. Kxc4 Kf7 65. Kd5 Re3 66.
Kd6 Re6+ 67. Kc5 Ra6 68. Kd5 Ra7 69. Kd6 Ra6+ 70. Ke5 Ra7 71. d5 Re7+ 72. Kd6
Ke8 73. Rb5 Kf7 1-0

[Event "36. Münsterland Open"]
[Site "Münster"]
[Date "2018.10.19"]
[Round "9.8"]
[White "Bösel, Alexander"]
[Black "Steinle, Carsten"]
[Result "0-1"]
[WhiteElo "2030"]
[BlackElo "2140"]
[PlyCount "134"]
[EventDate "2018.??.??"]
[WhiteTeam "Schachfreunde Olfen 1975"]
[BlackTeam "SV Ahlen 1954 e.V."]

1. e4 e6 2. d4 d5 3. Nd2 Nf6 4. e5 Nfd7 5. Bd3 b6 6. Ne2 Ba6 7. Bxa6 Nxa6 8.
Nf4 c5 9. c3 b5 10. O-O Qb6 11. Nb3 c4 12. Nd2 b4 13. Qg4 Qc6 14. Nf3 Nb6 15.
Ng5 Nc7 16. Bd2 a5 17. Rfc1 Qd7 18. Nh5 b3 19. Nf3 a4 20. Nxg7+ Bxg7 21. Qxg7
O-O-O 22. a3 Rdg8 23. Qf6 Ne8 24. Qf4 h6 25. Kh1 Qe7 26. Rg1 Nd7 27. Qh4 Qf8
28. g4 Nb8 29. Raf1 Nc6 30. Ne1 Ne7 31. Ng2 f5 32. exf6 Nxf6 33. Nf4 Ne4 34.
Bc1 Ng6 35. Nxg6 Qf3+ 36. Rg2 Rxg6 37. Kg1 Rhg8 38. h3 Ng5 39. Bxg5 hxg5 40.
Qg3 Rf6 41. Qxf3 Rxf3 42. Rg3 Rf4 43. Re1 Kd7 44. Rge3 Rg6 45. Kg2 Ke7 46. Rf3
Rxf3 47. Kxf3 Kf6 48. Kg3 Rh6 49. Re3 Kf7 50. f4 gxf4+ 51. Kxf4 Rf6+ 52. Kg3
Rf1 53. Re2 Rg1+ 54. Kh4 Rc1 55. Rf2+ Kg6 56. g5 Rc2 57. Rf6+ Kg7 58. Rxe6 Rxb2
59. Kh5 Rc2 60. Re7+ Kf8 61. Rb7 Rxc3 62. h4 Rh3 63. g6 c3 64. g7+ Kg8 65. Kg6
Rg3+ 66. Kh6 c2 67. Rc7 b2 0-1

[Event "36. Münsterland Open"]
[Site "Münster"]
[Date "2018.10.19"]
[Round "9.9"]
[White "Schroer, Klaus"]
[Black "Elier, Ali"]
[Result "1-0"]
[WhiteElo "2111"]
[BlackElo "1920"]
[PlyCount "45"]
[EventDate "2018.??.??"]
[WhiteTeam "Turnverein Borken 1922 e.V."]
[BlackTeam "Schachfreunde Brackel 1930 e.V."]

1. Nf3 Nf6 2. d4 d5 3. e3 e6 4. Bd3 Be7 5. Nbd2 O-O 6. O-O c5 7. b3 Nc6 8. Bb2
b6 9. Ne5 Nb4 10. Be2 Ba6 11. a3 Bxe2 12. Qxe2 Nxc2 13. Rac1 cxd4 14. Rxc2 dxe3
15. fxe3 Bc5 16. b4 Bd6 17. Nc6 Qc7 18. Rxf6 Bxh2+ 19. Kh1 Qg3 20. Ne7+ Kh8 21.
Rh6 Qf2 22. Rxh7+ Kxh7 23. Qh5# 1-0

[Event "36. Münsterland Open"]
[Site "Münster"]
[Date "2018.10.19"]
[Round "9.10"]
[White "Kruse, Janik"]
[Black "Sievert, Jan-Thorwald"]
[Result "1-0"]
[WhiteElo "2102"]
[BlackElo "2076"]
[Annotator "Niermann,Rainer"]
[PlyCount "81"]
[EventDate "2018.??.??"]
[WhiteTeam "LSV Turm Lippstadt"]
[BlackTeam "Schachvereinigung Hamm"]

1. d4 Nf6 2. c4 g6 3. Nc3 Bg7 4. e4 d6 5. f3 O-O 6. Be3 Nbd7 7. Qd2 c5 8. Nge2
a6 9. d5 Ne5 10. Ng3 e6 11. a4 exd5 12. cxd5 h5 13. Be2 h4 14. Nf1 h3 15. g4
Bd7 16. Ng3 b5 17. axb5 Bxb5 18. Nxb5 axb5 19. O-O Rxa1 20. Rxa1 Nc4 21. Bxc4
bxc4 22. Ra6 Qe7 23. Bf4 Qb7 24. Rxd6 Nd7 25. Ne2 Ne5 26. Bxe5 Bxe5 27. Rc6
Bxb2 28. Kf2 Ra8 29. Qe3 Ba3 30. e5 Qe7 31. g5 Qd7 32. Qe4 Qf5 33. Qxf5 gxf5
34. d6 Rd8 35. g6 Bb4 36. Ke3 f4+ 37. Kxf4 c3 38. gxf7+ Kxf7 39. Kf5 c2 40. e6+
Ke8 41. e7 1-0